00766nam a2200229 a 450000100060000000300080000600500170001400800410003103500190007204000350009104100080012608200200013410000310015424500560018526000260024130000240026750000190029160000480031094200120035899900170037095201490038723937BD-RjUL20211209001004.0140312s1950 enk 000 0beng d a(BD-RjUL)24002 aBD-RjULbengcBD-RjULdBD-RjUL aeng00a824.6bCOE 19501 aCopeland, Thomas W.97370810aEdmund Burke :bsix essays /cby Thomas W. Copeland aLondon :bCape,c1950 aix, 251 p. ;c23 cm aIncludes index10aBurke, Edmund,1729-1797.d1729-1797.973709 2ddccBK c23937d23937 00102ddc40728NFICaRUCLbRUCLcReadingd1961-01-31eProvince Book Depot.g13.00l0o824.6 COE 1950r2014-03-12 00:00:00tC-1w2021-12-09yBK